|
|
|
|
| LEADER |
00000nam a2200000 a 4500 |
| 001 |
vtls001481280 |
| 003 |
SK-MaSNL |
| 005 |
20260302002944.0 |
| 008 |
130607s2004 xo 0 und |
| 035 |
|
|
|a SNK000436578
|
| 040 |
|
|
|a SNK
|b slo
|c SNK
|e AACR2
|
| 044 |
|
|
|a xo
|c SK
|
| 245 |
1 |
|
|a STN EN 13140 Poľnohospodárske stroje
|b zariadenia na zber cukrovej a kŕmnej repy : bezpečnosť
|
| 260 |
|
|
|a Bratislava
|b Slovenský ústav technickej normalizácie
|c 2002
|
| 500 |
|
|
|a táto norma obsahuje českú verziu CR 1749: 2001
|
| 500 |
|
|
|a Norma je nahradená normou STN EN 13140+A1 z mája 2010 v celom rozsahu
|
| 655 |
|
7 |
|a normy
|2 SNK
|9 70643
|
| 774 |
1 |
8 |
|t STN EN 13140+A1: 2010
|d Bratislava : Slovenský ústav technickej normalizácie, 2010
|w vtls0010093025
|
| 999 |
|
|
|c 990128
|d 992058
|
| 952 |
|
|
|t P60, <03>, [BOOK], {603}
|a SNK
|b SNK
|y PREZ
|7 0
|p 17A0442201
|o snkSTN EN 13140
|i snkN 3922/2004
|0 0
|1 0
|4 0
|d 2004-09-06
|l 0
|r 2005-01-02 00:00:00
|w 2026-02-24
|
| 952 |
|
|
|t P66, <07>, [BOOK], {667}
|a SNK
|b SNK
|y PREZ
|7 0
|p 17A0442202
|o snkSTN EN 13140 D1
|i snkN 3923/2004
|0 0
|1 0
|4 0
|d 2004-09-06
|l 0
|r 2005-01-02 00:00:00
|w 2026-02-24
|